000 01510nam a2200337 c 4500
003 BLK
005 20210823084730.0
008 180408b bul|||||r ||||||| ||bul||
010 _aKNG00060233000
040 _aBLK
041 _aBUL
_cBUL
080 _aИстория на Европа. Средни векове (375-1492)
_b940.1
_x(075.3)
_z940.1(075.3)
100 1 _aБакалов, Георги Петров
_eпърви автор
_9364708
700 1 _aАнгелов, Петър Димитров
_eсъавт.
_9366230
139 _aБакалов, Георги Петров и др.
_bБ 16
245 1 0 _aИстория на средните векове
_bУчебник за IX кл. на Нац. гимназия за древни езици и култури
_cГеорги Петров Бакалов; съавт. Петър Димитров Ангелов.
250 _a2. изд.
257 _aBGR
260 София
_bУнив. изд. Св. Климент Охридски
_c1991
_fПерник : ДФ Полиграф
300 _a288 с.
_c24 см
380 _a9
500 _a1. изд. 1986 на изд. Просвета. - 500 тир.
650 4 _aИстория - средни векове - учебници за средни училища
_9269327
653 _aистория
653 _aСредновековие
852 _aЦб 167020
856 4 _qpdf
_u
856 4 _qpdf
_u
942 _cKNG
_n0
_01
944 _aCR
_c13.06.2004
_kНаталия_Медовщикова
944 _aED
_c09.04.2012
_k
999 _c56254
_d56254